00702nam a2200241 a 4500001001300000003000900013005001700022008004100039020000900080082001300089100002000102245006800122260004200190300000900232500003500241505001000276650001700286700002000303902000800323942000700331952010700338999001500445nice12345678IN_TiNIC20260116011852.0050524s1962 phia grp 000 0 eng  ac2400a201bJEN aJenkins, Daniel aBeyond Religionb Truth and Error in Religionless Christianity. aPhiladelphiabWestminster Pressc1962 a126p aincludes index and biblioraphy2 aIndex aChristianity1 aJenkins, Daniel bSRS cBK 00104070aHMIbHMId2008-01-29g24.00l1m2o201 JENp05750r2017-10-31s2017-01-04w2026-01-16yEB c4585d4585